| 000 | 00338 a2200121 4500 | ||
|---|---|---|---|
| 000 | nam a22 7a 4500 | ||
| 005 | 20260203160413.0 | ||
| 020 | _a9789374514610 | ||
| 100 |
_aRay, Sangeeta _91113455 |
||
| 245 | _aEn-Gendering India: Women and Nation in Colonial and Postcolonial Narratives | ||
| 260 |
_bManohar _c2026 |
||
| 942 | _cTEXL | ||
| 999 |
_c1678598 _d1678598 |
||